| 000 | 00854cab a2200253 4500 | ||
|---|---|---|---|
| 001 | ABS55772 | ||
| 008 | 090401t1996 xxu||||| |||| 00| 0 eng d | ||
| 035 | _a(Sirsi) u18707 | ||
| 041 | _aeng | ||
| 100 | _aHunter Cairns, A | ||
| 245 | _aHigh performance flat roofs | ||
| 260 | _c1996 | ||
| 350 | _a0 | ||
| 490 |
_aStructural Survey _v14(3) September 1996, 22-26(5) |
||
| 520 | _aAims to identify the problems associated with flat roofing felt specifications. Discusses various types of insulation and considers their advantages and disadvantages. Outlines the recommended upgrading specification for a flat roof. | ||
| 650 | _aBS 747 | ||
| 650 | _aBUILDING DEFECTS | ||
| 650 | _aFLAT ROOFS | ||
| 650 | _aINSULATION | ||
| 650 | _aROOFING MATERIALS | ||
| 690 | _aBUILT ENVIRONMENT-BUILDING MATERIALS | ||
| 942 | _n0 | ||
| 948 | _c04/03/1997 | ||
| 999 |
_c12450 _d12450 |
||